| 000 | 00549nam a2200193 4500 | ||
|---|---|---|---|
| 003 | OSt | ||
| 005 | 20240610031047.0 | ||
| 006 | a | ||
| 008 | 240610b |||||||| |||| 00| 0 eng d | ||
| 020 | _a007042313 | ||
| 040 |
_aDWCL-Main lib. _cOC |
||
| 082 |
_2International, sixth edition _aGR. 503 M147d 2012 |
||
| 110 | _aMcGraw-Hill | ||
| 245 | _aMcGraw-Hill dictionary of scientific and technical terms / | ||
| 260 |
_aBoston : _bMcGraw-Hill, _cc2012. |
||
| 300 |
_b4 vols. : b & w ill. ; _c28 cm. |
||
| 710 | _aMcGraw-Hill | ||
| 942 |
_2ddc _n0 _cGR _kGR. |
||
| 999 |
_c442 _d442 |
||